| 000 | 00327 a2200133 4500 | ||
|---|---|---|---|
| 040 |
_aDLC _bDLC |
||
| 082 | _a297.122 | ||
| 245 |
_aQuraanic information _cAbdul Waheed |
||
| 260 |
_aKarachi _cc2010 |
||
| 300 | _a253 p | ||
| 650 | _aHandling and recitation of Holy Quraan | ||
| 700 | _aAbdul Waheed | ||
| 942 |
_cBK _k297.122 ABD _2ddc |
||
| 999 |
_c10515 _d10515 |
||